Online
Catalog

Historia del famoso predicador fray Gerundio de Campazas, alias Zotes / (Record no. 5066)

MARC details
000 -CABECERA
campo de control de longitud fija 00953cam a2200265 a 4500
001 - NÚMERO DE CONTROL
campo de control 000005265
005 - FECHA Y HORA DE LA ÚLTIMA TRANSACCIÓN
campo de control 20200929151627.0
008 - DATOS DE LONGITUD FIJA--INFORMACIÓN GENERAL
campo de control de longitud fija 960321s1995 sp a 001 1 spa
020 ## - NÚMERO INTERNACIONAL ESTÁNDAR DEL LIBRO
Número Internacional Estándar del Libro 8437613736
040 ## - FUENTE DE LA CATALOGACIÓN
Centro catalogador/agencia de origen DO-SdBNP
Centro/agencia transcriptor DLC
082 ## - NÚMERO DE LA CLASIFICACIÓN DECIMAL DEWEY
Número de clasificación 863.4
Número de documento/Ítem I82h
100 1# - ENTRADA PRINCIPAL--NOMBRE DE PERSONA
Nombre de persona Isla, José Francisco de,
Fechas asociadas al nombre 1703-1781.
9 (RLIN) 14104
245 10 - MENCIÓN DE TÍTULO
Título Historia del famoso predicador fray Gerundio de Campazas, alias Zotes /
Mención de responsabilidad, etc. José Francisco de Isla ; edición de Enrique Rodríguez Cepeda.
246 14 - FORMA VARIANTE DE TÍTULO
Título propio/Titulo breve Fray Gerundio de Campazas, alias Zotes
260 ## - PUBLICACIÓN, DISTRIBUCIÓN, ETC.
Lugar de publicación, distribución, etc. Madrid :
Nombre del editor, distribuidor, etc. Cátedra,
Fecha de publicación, distribución, etc. 1995.
300 ## - DESCRIPCIÓN FÍSICA
Extensión 910 p. ; :
Otras características físicas il. ;
Dimensiones 18 cm.
490 1# - MENCIÓN DE SERIE
Mención de serie Letras hispánicas
Designación de volumen o secuencia 402
504 ## - NOTA DE BIBLIOGRAFÍA, ETC.
Nota de bibliografía, etc. Incluye referencias bibliográficas: (p. 121-125).
650 #4 - PUNTO DE ACCESO ADICIONAL DE MATERIA--TÉRMINO DE MATERIA
Término de materia o nombre geográfico como elemento de entrada Novela española
9 (RLIN) 1123
650 #4 - PUNTO DE ACCESO ADICIONAL DE MATERIA--TÉRMINO DE MATERIA
Término de materia o nombre geográfico como elemento de entrada Literatura española
9 (RLIN) 632
700 1# - PUNTO DE ACCESO ADICIONAL--NOMBRE DE PERSONA
Nombre de persona Rodríguez Cepeda, Enrique,
Término indicativo de función/relación ed.
9 (RLIN) 15016
830 #0 - PUNTO DE ACCESO ADICIONAL DE SERIE-TÍTULO UNIFORME
Título uniforme Letras hispánicas ;
Designación de volumen o secuencia 402
9 (RLIN) 4208
910 ## - DATOS DE OPCIÓN DEL USUARIO (OCLC)
Datos de opción del usuario Catalogación por copia / LC
910 ## - DATOS DE OPCIÓN DEL USUARIO (OCLC)
Datos de opción del usuario WM
Holdings
Estado de retiro Estado de pérdida Restricciones de uso No para préstamo Código de colección Localización permanente Ubicación/localización actual Ubicación en estantería Fecha de adquisición Número de inventario Total de préstamos Signatura topográfica completa Código de barras Fecha visto por última vez Precio válido a partir de Tipo de ítem Koha
    Préstamo interno   Monografías: Libros y Folletos General General Depósito 18.08.2009 LF1   863.4 I82h 5265-10 25.06.2020 25.06.2020 Préstamo interno

Powered by Koha